00585nam a2200169Ia 450000500170000000800410001702000150005808200130007310000260008624500970011226000610020930000150027065000140028594200060029995200950030599900150040020240603080652.0240331s9999 xx 000 0 und d a9555800081 bCOOa342 aCoomaraswamy, Radhika 0aIdeology and the constitutionbEssays on Constitutional jurisprudencecRadhika, coomaraswamy aColombobInternational Centre for Ethanoic Studiesc1996 a 178 p ., aPolitical cL 001040708LaWERCLbWERCLcSSCd2024-03-31l0o 342 COOp2344r2024-03-31w2024-03-31yL c2821d2821